Keine Entwarnung: Kolumnen zur Lage; Schriften zur Schoáh und Judaica 1994 - 1997
| Main Author: | |
|---|---|
| Contributors: | |
| Format: | Print Book |
| Language: | German |
| Subito Delivery Service: | Order now. |
| Check availability: | HBZ Gateway |
| WorldCat: | WorldCat |
| Interlibrary Loan: | Interlibrary Loan for the Fachinformationsdienste (Specialized Information Services in Germany) |
| Published: |
Konstanz
Hartung-Gorre
1997
|
| In: | Year: 1997 |
| Edition: | 1. Aufl. |
| Series/Journal: | Edition Shoáh und Judaica 1, Israelia und Judaica
|
| Standardized Subjects / Keyword chains: | B
Jews
B Judaism |
| Further subjects: | B
Collection of essays
B Historiography B Jews B Judaism B Holocaust, Jewish (1939-1945) Historiography B Holocaust, Jewish (1939-1945) Influence B Antisemitism B History 1933-1945 |
| Online Access: |
Table of Contents Table of Contents |
MARC
| LEADER | 00000cam a2200000 c 4500 | ||
|---|---|---|---|
| 001 | 1614472513 | ||
| 003 | DE-627 | ||
| 005 | 20251225195537.0 | ||
| 007 | tu | ||
| 008 | 970506s1997 gw ||||| 00| ||ger c | ||
| 015 | |a 97,N07,0098 |2 dnb | ||
| 016 | 7 | |a 949406643 |2 DE-101 | |
| 020 | |a 3896491113 |9 3-89649-111-3 | ||
| 035 | |a (DE-627)1614472513 | ||
| 035 | |a (DE-576)058845690 | ||
| 035 | |a (DE-599)DNB949406643 | ||
| 035 | |a (OCoLC)231694304 | ||
| 035 | |a (OCoLC)38955946 | ||
| 040 | |a DE-627 |b ger |c DE-627 |e rakwb | ||
| 041 | |a ger | ||
| 044 | |c XA-DE | ||
| 050 | 0 | |a D804.3 | |
| 082 | 0 | |a 940.53/18 | |
| 100 | 1 | |0 (DE-588)115824960 |0 (DE-627)284586234 |0 (DE-576)163558701 |4 aut |a Wiehn, Erhard Roy |d 1937-2025 | |
| 109 | |a Wiehn, Erhard Roy 1937-2025 |a Wiehn-Mayer 1937-2025 |a Vin, Ėrhard Roj 1937-2025 |a Wiehn, Erhard R. 1937-2025 |a Vin, Erchard Roj 1937-2025 |a Wiehn, Erhard 1937-2025 |a Vin, Erchard R. 1937-2025 |a Vin, Jerhard Roj 1937-2025 |a Wiehn, Erhard Roij 1937-2025 |a Bēn, Ercharnt Roē 1937-2025 |a Wiehn, Roy 1937-2025 |a Vin, Ėrchard Roi 1937-2025 | ||
| 240 | 1 | 0 | |a Schriften zur Schoáh und Judaica |
| 245 | 1 | 0 | |a Keine Entwarnung |b Kolumnen zur Lage; Schriften zur Schoáh und Judaica 1994 - 1997 |c Erhard Roy Wiehn |
| 250 | |a 1. Aufl. | ||
| 263 | |a Erscheint: 15. März 1997 ; brosch. : DM 39.00, sfr 39.00, S 285.00 | ||
| 264 | 1 | |a Konstanz |b Hartung-Gorre |c 1997 | |
| 300 | |a 285 S. | ||
| 336 | |a Text |b txt |2 rdacontent | ||
| 337 | |a ohne Hilfsmittel zu benutzen |b n |2 rdamedia | ||
| 338 | |a Band |b nc |2 rdacarrier | ||
| 490 | 0 | |a Edition Shoáh und Judaica |a 1, Israelia und Judaica | |
| 500 | |a Contains articles from the Swiss periodical Jüdische Rundschau | ||
| 500 | |a Includes bibliographical references | ||
| 583 | 1 | |a Archivierung/Langzeitarchivierung gewährleistet |f PEBW |x XA-DE-BW |2 pdager |5 DE-31 | |
| 601 | |a Schrift | ||
| 650 | 4 | |a Judentum | |
| 650 | 4 | |a Judenvernichtung | |
| 650 | 4 | |a Geschichtsschreibung | |
| 650 | 4 | |a Geschichte 1933-1945 | |
| 653 | 0 | |a Holocaust, Jewish (1939-1945) |a Historiography | |
| 653 | 0 | |a Antisemitism | |
| 653 | 0 | |a Holocaust, Jewish (1939-1945) |a Influence | |
| 655 | 7 | |a Aufsatzsammlung |0 (DE-588)4143413-4 |0 (DE-627)105605727 |0 (DE-576)209726091 |2 gnd-content | |
| 689 | 0 | 0 | |d s |0 (DE-588)4073091-8 |0 (DE-627)104682590 |0 (DE-576)20918938X |2 gnd |a Judenvernichtung |
| 689 | 0 | |5 (DE-627) | |
| 689 | 1 | 0 | |d s |0 (DE-588)4114087-4 |0 (DE-627)104603151 |0 (DE-576)20948182X |2 gnd |a Judentum |
| 689 | 1 | |5 (DE-627) | |
| 700 | 1 | 2 | |a Wiehn, Erhard Roy |d 1937- |t Schriften zur Schoáh und Judaica |
| 700 | 1 | 2 | |a Wiehn, Erhard Roy |d 1937- |t Jüdische Rundschau : Basel, Switzerland |
| 856 | 4 | 2 | |u https://swbplus.bsz-bw.de/bsz058845690inh.htm |m V:DE-576 |v 2006-02-09 |3 Inhaltsverzeichnis |7 1 |
| 856 | 4 | 2 | |u https://www.gbv.de/dms/mpib-toc/322045843.pdf |m V:DE-601 |m B:B-1532 |q pdf/application |3 Inhaltsverzeichnis |7 1 |
| 889 | |w (DE-627)322045843 | ||
| 935 | |a mteo | ||
| 935 | |i mdedup | ||
| 936 | r | u | |a BD 7100 |b Judenvernichtung (1933 - 1945) |k Theologie und Religionswissenschaften |k Judaistik |k Religions- und Kulturgeschichte der Juden |k 20. und 21. Jahrhundert (seit ca. 1930) |k Judenvernichtung (1933 - 1945) |0 (DE-627)1270654713 |0 (DE-576)200654713 |z Ungueltig |
| 951 | |a BO | ||
| ACO | |a 1 | ||
| ELC | |b 1 | ||
| ORI | |a SA-MARC-ixtheo_oa001.raw | ||
| REL | |a 1 | ||
| STA | 0 | 0 | |a Historiography,History writing,Jews,Third Reich,Jews,Holocaust,Shoah,Judaism,Judaism,Judaism in literature |
| STB | 0 | 0 | |a Historiographie,Judaïsme,Judaïsme,Shoah,Shoah,Extermination des juifs,Extermination des juifs,Extermination des juifs (motif),Extermination des juifs |
| STC | 0 | 0 | |a Historiografía,Holocausto,Holocausto,Judaísmo,Judaísmo |
| STD | 0 | 0 | |a Ebraismo,Ebraismo,Sterminio degli Ebrei <motivo>,Sterminio degli Ebrei,Shoah,Shoah,Shoah (motivo),Shoah,Storiografia |
| STE | 0 | 0 | |a 历史学,史学,历史编纂学,灭绝犹太人,灭绝犹太人,消灭犹太人,消灭犹太人,犹太教,犹太教 |
| STF | 0 | 0 | |a 歷史學,史學,歷史編纂學,滅絕猶太人,滅絕猶太人,消滅猶太人,消滅猶太人,猶太教,猶太教 |
| STG | 0 | 0 | |a Historiografia,Holocausto,Holocausto,Judaísmo,Judaísmo |
| STH | 0 | 0 | |a Историография,Иудаизм (мотив),Иудаизм,Уничтожение евреев (мотив),Уничтожение евреев |
| STI | 0 | 0 | |a Ιουδαϊσμός (μοτίβο),Ιουδαϊσμός,Ιστοριογραφία,Ολοκαύτωμα (μοτίβο),Ολοκαύτωμα |
| SUB | |a REL | ||
| SYE | 0 | 0 | |a Judaism,Judaismus,Jüdische Religion,Zionism,Zionismus,Jüdische Religion,Judaismus,Jüdische Religion,Judaismus , Endlösung,Holocaust,Holokaust,Juden,Judenfrage,Schoah,Shoah,Endlösung,Holocaust,Holokaust,Judenfrage,Schoah,Shoah,Shoʾah,Shoa,Drittes Reich,Šô'ā,Juden , Historiographie,Historisierung,Historiografie,Historiographie,Historisierung,Historiographie,Historiografie,Historisierung |
| SYG | 0 | 0 | |a Endlösung,Holocaust,Holokaust,Juden,Judenfrage,Schoah,Shoah,Endlösung,Holocaust,Holokaust,Judenfrage,Schoah,Shoah,Shoʾah,Shoa,Drittes Reich,Šô'ā,Juden , Judaism,Judaismus,Jüdische Religion,Zionism,Zionismus,Jüdische Religion,Judaismus,Jüdische Religion,Judaismus |